000 01028nam a2200325 b 4500
001 0000597
003 DO-SdBNP
005 20171116104314.0
007 0000597
008 040607s 1992 sp ||| ||spa
017 _a
_b
020 _a8466312722
035 _a
040 _aBPMSU
_bspa
_cBPMSU
_e
080 0 _a
082 4 _a863.64
_bM562o
100 _aMerino, José María
_d1941-
245 1 3 _aEl oro de los sueños :
_bcrónicas de las aventuras verdaderas de Miguel Villacé Yólotl, noveladas por José María Merino./
_h
_cJosé María Merino
260 _aMadrid :
_bSantillana ediciones generales,
_c1992
300 _a233 p.;
_c18 cm
490 _aPunto de lectura
_v105 / 3
500 _aIncluye datos biográficos del autor.
650 _aCUENTOS ESPAÑOLES
650 4 _aLITERATURA ESPAÑOLA
830 _aPunto de lectura
_v105 / 3
910 _aValidado.Control de calidad MFF
942 _2ddc
_cBK
945 _aInventariado, 2017/MFF
956 _aVMATEO
_b10
_d20160830
_fBPMSU
_200069
999 _c11231
_d11231